All Q, U, X & Y Boy Names that have ever ranked in the top 1000 (US) - Statistics

General Stats
  • This quiz has been taken 25 times
  • The average score is 11 of 37
Answer Stats
Highest Rank Male name % Correct
282 Quentin
89%
992 Quint
89%
264 Quinn
84%
833 Xavi
84%
68 Xavier
84%
550 Xzavier
84%
691 Quinten
79%
503 Quintin
79%
298 Quinton
79%
273 Quincy
63%
164 Xander
63%
611 Yosef
32%
725 Yousef
32%
475 Yusuf
32%
920 Yancy
26%
504 Young
26%
777 Yael
21%
779 Yoel
21%
399 Uriel
16%
272 Ulysses
11%
379 Yahir
11%
982 Yeshua
11%
494 Urban
5%
544 Uriah
5%
733 Yehuda
5%
780 York
5%
625 Urijah
0%
952 Yaakov
0%
934 Yadiel
0%
706 Yahya
0%
753 Yair
0%
666 Yandel
0%
865 Yee
0%
942 Yisroel
0%
958 Yitzchok
0%
821 Yoshio
0%
957 Yurem
0%
No matching quizzes found
Score Distribution
Percent of People with Each Score
Percentile by Number Answered
Your Score History
You have not taken this quiz